LEADER 02285nam 2200565 450 001 9910480702203321 005 20170816143302.0 010 $a1-4704-0740-X 035 $a(CKB)3360000000464510 035 $a(EBL)3113776 035 $a(SSID)ssj0000888910 035 $a(PQKBManifestationID)11525288 035 $a(PQKBTitleCode)TC0000888910 035 $a(PQKBWorkID)10875126 035 $a(PQKB)10926870 035 $a(MiAaPQ)EBC3113776 035 $a(PPN)195412087 035 $a(EXLCZ)993360000000464510 100 $a20140902h19851985 uy 0 101 0 $aeng 135 $aur|n|---||||| 181 $ctxt 182 $cc 183 $acr 200 10$aExceptional Weierstrass points and the divisor on moduli space that they define /$fSteven Diaz 210 1$aProvidence, Rhode Island :$cAmerican Mathematical Society,$d1985. 210 4$d©1985 215 $a1 online resource (76 p.) 225 1 $aMemoirs of the American Mathematical Society,$x0065-9266 ;$vVolume 56, Number 327 300 $a"July 1985, Volume 56, Number 327 (first of two numbers)." 311 $a0-8218-2328-0 320 $aIncludes bibliographical references. 327 $a""Table of Contents""; ""1. Introduction""; ""2. Preliminaries""; ""3. One Parameter Families""; ""4. Weierstrass Points, Porteous's Formula, and D[sub(g-1 ,g-1)]""; ""5. A Compactification of the Hurwitz Scheme""; ""6. Some Ennumerative Problems""; ""7. The Class of D[sub(g-1 ,g-1)]""; ""Appendices 1. Exceptional Weierstrass Points of Type g+1""; ""Appendices 2. Weierstrass Points on Singular Curves""; ""Appendices 3. Complete Families of Smooth Curves of Genus 3"" 410 0$aMemoirs of the American Mathematical Society ;$vVolume 56, Number 327. 606 $aCurves, Algebraic 606 $aModuli theory 606 $aWeierstrass points 608 $aElectronic books. 615 0$aCurves, Algebraic. 615 0$aModuli theory. 615 0$aWeierstrass points. 676 $a512/.33 700 $aDiaz$b Steven$f1957-$0917920 801 0$bMiAaPQ 801 1$bMiAaPQ 801 2$bMiAaPQ 906 $aBOOK 912 $a9910480702203321 996 $aExceptional Weierstrass points and the divisor on moduli space that they define$92058213 997 $aUNINA LEADER 04339nam 2200637 450 001 9910531313803321 005 20200520144314.0 010 $a3-11-052673-5 024 7 $a10.1515/9783110529098 035 $a(CKB)4100000001502373 035 $a(DE-B1597)474812 035 $a(OCoLC)1020033307 035 $a(DE-B1597)9783110529098 035 $a(Au-PeEL)EBL5157082 035 $a(CaPaEBR)ebr11497573 035 $a(MiAaPQ)EBC5157082 035 $a(oapen)https://directory.doabooks.org/handle/20.500.12854/91517 035 $a(PPN)224588591 035 $a(EXLCZ)994100000001502373 100 $a20180206h20182018 uy 0 101 0 $aeng 135 $aurcnu|||||||| 181 $2rdacontent 182 $2rdamedia 183 $2rdacarrier 200 00$aBeyond boycotts $esport during the Cold War in Europe /$fedited by Philippe Vonnard, Nicola Sbetti, Gregory Quin 210 $aBerlin/Boston$cDe Gruyter$d2018 210 1$aBerlin, [Germany] ;$aBoston, [Massachusetts] :$cDe Gruyter Oldenbourg,$d2018. 210 4$d©2018 215 $a1 online resource (242 pages) 225 0 $aRethinking the Cold War ;$v1 311 $a3-11-052666-2 311 $a3-11-052909-2 320 $aIncludes bibliographical references and index. 327 $tFrontmatter -- $tPreface and Acknowledgments -- $tTable of Contents -- $tIntroduction / $rVonnard, Philippe / Sbetti, Nicola / Quin, Grégory -- $tFirst Part. Creating relations between European states. Sport as tool of diplomacy -- $tPlaying at the border of the Cold War / $rSbetti, Nicola -- $tAn Even Colder War? / $rSvensson, Daniel / Åberg, Anna -- $tAthletes of Diplomacy / $rSimón, Juan Antonio -- $tSecond part. A European space of exchanges. Crossing the Iron Curtain with sport -- $tThe emergence of Europe-wide collaboration and competition / $rDufraisse, Sylvain -- $tBuilding bridges between separated Europeans / $rVonnard, Philippe / Marston, Kevin -- $tCooperation and conflict / $rScholl, Stefan -- $tThird Part. Globalizing sport. Europe as a site of international sporting diplomacy -- $t"Shooting Hoops with Foreign Teams" / $rDoppler-Speranza, François -- $tThe Ghana Young Pioneers / $rNicolas, Claire -- $t"The Russian deadpan expert" vs "America's white hope" / $rNaha, Souvik -- $tA forgotten "ping-pong diplomacy"? / $rTonnerre, Quentin / Quin, Grégory -- $tAfterword / $rPolley, Martin -- $tBibliography -- $tContributors (by alphabetical order) -- $tIndex 330 $aSport during Cold War has recently begun to be studied in more depth. Some scholars have edited a book about the US and Soviet sport diplomacy and show ow the government of these two countries have used sport during this period, notably as a tool of "soft power" during the Olympic games. Our goal is to continue in this direction and to focus more on the sport field as a place of exchanges during the Cold War. Regarding this point, our aim is to show that there were events "beyond boycotts"many and that unknown connections existed inside sport. Morevoer, many actors were involved in these exchanges. Thus, it is important not only to focus on the action of States, but also on private actors (international sporting bodies and journalists), considering that they acted around sport (an "apolitic" field) as it was tool to maintain links between the two blocs. Our project offers a good opportunity for young scholars to present original research based on new materials (notably the use of institutional or personals archives). Morevoer, it is also a step forward with a view to conduct research within a global history paradigm, one that is still underused in sport academic fields. 606 $aSports$zEurope$xHistory$y20th century 607 $aEurope$xHistory$y20th century 610 $aSport history 610 $aCold War 610 $aDiplomacy 610 $aEntanglements 615 0$aSports$xHistory 676 $a796.094 686 $aHIS037080$aHIS010010$aHIS010020$aHIS054000$aHIS032000$2bisacsh 700 $aVonnard$b Philippe$4edt$0865968 702 $aVonnard$b Philippe 702 $aSbetti$b Nicola 702 $aQuin$b Gre?gory 801 0$bMiAaPQ 801 1$bMiAaPQ 801 2$bMiAaPQ 906 $aBOOK 912 $a9910531313803321 996 $aBeyond boycotts$93358431 997 $aUNINA